New Orleans Pelicans 2018-19 Roster - Statistics

General Stats
  • This quiz has been taken 83 times
    80 since last reset
  • The average score is 7 of 17
Answer Stats
Nbr Post Player % Correct
23 PF Anthony Davis
100%
11 PG Jrue Holiday
90%
55 G E'Twaun Moore
61%
30 PF Julius Randle
49%
15 PG Frank Jackson
43%
44 SF Solomon Hill
43%
- Head Coach Alvin Gentry
39%
0 SG Troy Williams
39%
13 PF Cheick Diallo
36%
4 PG Elfrid Payton
36%
8 C Jahlil Okafor
34%
3 PF Nikola Mirotic
34%
21 SF Darius Miller
33%
2 SG Ian Clark
28%
33 SF Wesley Johnson
28%
10 PG Tim Frazier
13%
5 SG Treveon Bluiett
2%
No matching quizzes found
Score Distribution
Percent of People with Each Score
Percentile by Number Answered
Your Score History
You have not taken this quiz since the last reset